Statistiques concernant Top 10 ballon d'or 2003.

Cliquez ici pour prendre le quiz!

Statistiques générales

  • Ce quiz a été pris 145 fois
  • Le résultat moyen est 7 sur 10

Statistiques - réponses

PointsJoueursClubs% Correct
128Thierry HenryArsenal
98%
64Zinedine ZidaneReal
93%
190Pavel NedvedJuve
92%
123Paolo MaldiniMilan
83%
67Andriy ShevchenkoMilan
70%
17David BeckhamMan United/ Real
69%
32RaulReal
69%
27Roberto CarlosReal
61%
61Ruud Van NistelrooyMan United
53%
19Gianluigi BuffonJuve
51%

Distribution des résultats

Percentile par nombre de réponses

% des personnes avec chaque résultat

Votre développement - résultats

Vous n’avez pas pris ce quiz